| 000 | 00680nam a22002057a 4500 | ||
|---|---|---|---|
| 005 | 20170705143242.0 | ||
| 010 | _aENG-119099 | ||
| 020 |
_a9789384782658 _c900.00 |
||
| 035 | _aEN-102631 | ||
| 037 | _bDBAD/PUB | ||
| 082 | _a307.14 | ||
| 100 | _aSingh, Rama | ||
| 245 |
_aCommunity development and extension / _cby Rama Singh [and] Ishita Singh |
||
| 260 |
_aDelhi _bDisha International Publishing House _c2016 |
||
| 270 |
_aF-7,Gali No.1,Panchsheel Garden Ext. Naveen Shahdra _bDelhi _e110032 |
||
| 300 |
_aviii,288p _b25cm(Hb) |
||
| 500 | _aIncludes bibliographical references and index | ||
| 700 | _aSingh,Ishita | ||
| 942 |
_2ddc _cEN _h307.14 _mSIN |
||
| 999 |
_c142265 _d142265 |
||